| 000 | 00633nam a2200229 i 4500 | ||
|---|---|---|---|
| 003 | OSt | ||
| 005 | 20160106165238.0 | ||
| 008 | 900607s1995 sp spa | ||
| 020 | _a84-7223-886-5 | ||
| 040 | _cBMC | ||
| 082 | _a840.3 | ||
| 100 | 1 |
_aSimenon, Georges _d1903-1989 _936568 |
|
| 245 | 1 | 3 |
_aLa sombra chinesca _cGeorges Simenon ; traducción, Javier Albiñana |
| 250 | _a1ª ed | ||
| 260 | 1 |
_aBarcelona _bTusquets _c1995 |
|
| 300 |
_a180 p. _c18 cm |
||
| 490 |
_aMaigret _v13 |
||
| 595 | _aTraducción de: L'ombre chinoise | ||
| 650 | 2 | 4 |
_936675 _aNovela belga |
| 700 | 1 |
_aAlbiñana, Javier _936834 |
|
| 942 |
_2ddc _cBK |
||
| 999 |
_c24225 _d24225 |
||